|
|
|
|
| LEADER |
00982nam a2200253 a 4500 |
| 001 |
6157 |
| 003 |
BD-DhAAL |
| 008 |
110725s1997 ii d 000 0 eng |
| 040 |
|
|
|a BD-DhAAL
|c BD-DhAAL
|
| 082 |
0 |
0 |
|a 491.44321
|2 21
|
| 245 |
0 |
0 |
|a Students' favourite dictionary :
|b bengali to english /
|c First complied by Asu Tosh Dev; edited by Jyoti Bhusan Chaki.
|
| 250 |
|
|
|a Twenty nine edition
|
| 260 |
|
|
|a Calcutta :
|b Dev Sahitya Kutir Private Ltd.
|c 1997.
|
| 300 |
|
|
|a 998 pages ;
|c 22 cm.
|
| 500 |
|
|
|a Bengali to English Dictionary
|
| 541 |
|
|
|e 00006157
|
| 546 |
|
|
|a Bengali and English.
|
| 650 |
|
0 |
|a Bengali language
|v Dictionaries
|x English.
|
| 700 |
1 |
|
|a Dev, Asu Tosh
|9 55806
|
| 700 |
1 |
|
|a Chaki, Jyoti Bhusan
|9 1408
|
| 852 |
1 |
|
|a Ayesha Abed Library
|c Reference Shelf.
|
| 942 |
|
|
|2 ddc
|c BK
|
| 999 |
|
|
|c 11199
|d 11199
|
| 952 |
|
|
|0 0
|1 0
|2 ddc
|4 0
|6 491_443210000000000_STU
|7 1
|9 17826
|a BRACUL
|b BRACUL
|c REF
|d 2011-08-13
|l 1
|o 491.44321 STU
|p 3010006157
|r 2012-04-17
|s 2012-04-10
|t 1
|w 2011-08-13
|y BK
|